All Arsenal players 23/24 by pictures - Statistics

General Stats
  • This quiz has been taken 87 times
  • The average score is 20 of 25
Answer Stats
Picture Answer % Correct
Gabriel
94%
Saka
94%
Ramsdale
92%
Rice
92%
Havertz
91%
Jesus
91%
Odegaard
91%
Partey
90%
Saliba
90%
White
90%
Raya
88%
Jorginho
87%
Martinelli
87%
Zinchenko
87%
Tomiyasu
86%
Kiwior
85%
Trossard
85%
Timber
74%
Elneny
73%
Smith Rowe
73%
Nketiah
72%
Nelson
63%
Cedric
62%
Vieira
62%
Hein
38%
No matching quizzes found
Score Distribution
Percent of People with Each Score
Percentile by Number Answered
Your Score History
You have not taken this quiz